[Event "EU-ch 8th"]
[Site "Dresden"]
[Date "2007.04.11"]
[Round "8"]
[White "Naiditsch, Arkadij"]
[Black "Gustafsson, Jan"]
[Result "0-1"]
[WhiteElo "2654"]
[BlackElo "2588"]
[Annotator "Gustafsson,J"]
[PlyCount "50"]
[EventDate "2007.04.03"]
[EventType "swiss"]
[EventRounds "11"]
[EventCountry "GER"]
[SourceTitle "CBM 118"]
[Source "ChessBase"]
[SourceDate "2007.05.31"]
[SourceVersion "1"]
[SourceVersionDate "2007.05.31"]
[SourceQuality "1"]

{It feels a little silly to annotate a game in which I didnt make a single
move on my own, just following my preparation all the way. It also might look
like the only games im ever giving comments on are my wins against Naiditsch.
Its nothing personal, he just happens to be the only decent player I beat once
in a while! And since this game was crucial for me qualifying for the World
cup and is sort of pretty too, I hope the reader will forgive me for my lack
of creativity over the board.} 1. e4 e5 2. Nf3 Nc6 3. Bb5 a6 4. Ba4 Nf6 5. O-O
Be7 6. Re1 b5 7. Bb3 O-O {No surprises so far. Ive hardly been playing
anything but the Marshall recently, and whilst Arkadij has tried the Italian
or the exchange spanish once in a while, he also sticks to the min line this
time.} 8. c3 {Allowing the Marshall! Few players have dared to enter it in the
last games ive seen, and persionally Id just be way to afraid to get
checkmated as White too. Then again, the alternatives 8.h3 and 8.a4 dont seem
to offer that much either, so this is obviously the critical choice.} d5 {
No more chickening out!} 9. exd5 Nxd5 10. Nxe5 Nxe5 11. Rxe5 c6 12. Re1 {
Not the main line, but White reserves the right to transpose of course} (12. d4
Bd6 13. Re1 Qh4 14. g3 Qh3 15. Be3 Bg4 16. Qd3 Rae8 17. Nd2 Re6 18. Qf1 $5 Qh5
19. f3 {was the way Kramnik beat Aronian in their recent match and might
become the new fashion?}) 12... Bd6 13. g3 {This is a clever move order
actually. Whites point is that after the normal 13...Qd7, he goes 14.d3! Qh3
15.Re4, tricking Black into a slightly unfavourable line. So we need another
way...} Bf5 $1 (13... Bh3 {was my choice against Nisipeanu, but I wasnt too
happy with it after the accurate 14. d3!}) 14. d4 Qd7 {From just looking at
the position, it feels like Black should have enough play here. However, looks
mean little nowadays, so I was basically happy to (accidentally) be very
familiar with this variation...} 15. Be3 Rae8 16. Nd2 Bg4 17. Qb1 Bf5 {So far
were following some heavyweight games from the likes of Anand and Aronian.
Whites next move is when it really becomes interesting.} 18. Bc2 $2 {This move
was recomended in Informant some time ago, giving some analysis claiming that
White is much better here. This matter came to my attention when GM Gyimesi
wrote me a "panic" email about this line. We had studied the Marshall together
some time ago and I guess I got lucky he brought this to my attention , as I
actually had to have a look at it and managed to find a pretty convincing
recipe. I guess we wont see much of 18.Bc2 after this game anymore, as it
might be already the losing mistake!} (18. Qc1 {is the main line, when Black
has a choice between} h5 (18... Re7) (18... Re6 {all of which seem to offer
fair compensation.})) 18... Bxc2 19. Qxc2 f5 {At this point I already knew
there was quite a high chance I was gonna checkmate him in a couple of moves.
So I became sort of nervous and starting wondering if I should spend some time
acting or just play the moves quickly. I went for an intermediate approach,
taking some time, but not a lot. Cause you never know what happens, I might
need the time later... I also felt this was a pretty good training for my
pokerface, something I definitely gotta work on.} 20. c4 $2 {This is White's
point. 20.Nf3 is better, but hardly something to wurite home about after ... f4
} (20. Nf3 f4 21. Ng5 Nf6) 20... bxc4 $1 $146 {A fairly obvious novelty.
Earlier, 20...Nf6 was played, giving White an edge after 21.Bg5} (20... Nf6 21.
Bg5) 21. Nxc4 f4 22. Bd2 f3 {This is the first move not mentioned in Chess
Informant. Again its pretty obvious, but the key is the next move. Nowadays
engines spot it very quickly, but when I was looking at it some 2 years ago,
it actually required some brainpower...} (22... Bc7 23. Rxe8 Rxe8 24. Qd3 $14)
23. Qd3 (23. Kh1 Qh3 24. Rg1 Re2 25. Raf1 Bxg3 $19) 23... Re2 $1 {This is the
key. Black blocks the white Queen on her way to f1 and manages to get to the
king. I was very happy when I found this idea, but it turned out I didnt need
to. Prearing for the game, I followed my routine of visiting my friend Peter
Heine Nielsen to annoy him with question about the latest theory developments.
He said: "Well there is this one Marshall line you should know about, 18.Bc2..
" And I was happy to replay "Oh, that doesnt work, Re2 and mate" - "Ok, no
more questions". Im glad I actually knew about it beforehand, else I would owe
Peter even more payback for opening ideas then I do already. And since
coaching him in Poker hasnt yet netted the results I was hoping for, Im
running out of ideas how to pay him back...} 24. Rxe2 Qh3 25. Ne3 {After this
its curtains immediately.} (25. Qxf3 Rxf3 26. Nxd6 Nf6 27. Rae1 h6 (27... Ng4
$6 28. Re8+ Rf8 29. Rxf8+ Kxf8 30. Re8#) 28. Re3 Rxe3 29. fxe3 (29. Bxe3 Ng4
30. Nc4 Nxh2 31. Ne5 g5 32. g4 h5 33. gxh5 g4) 29... Ng4 30. Re2 Nxh2 31. Rxh2
Qxg3+ 32. Rg2 Qxd6 {is fairly hopeless for White too, though}) 25... Rf4 $1 {
A pretty finale. I was obviously hoping for the beauty prize sacrificing both
my rooks and all, but ok, Im afraid requirements are one makes a move of his
own for that it seems. Something I could avoid doing in the last 5 rounds in
Dresden. Silly game, this chess. Oh wait, maybe its just me?} (25... Rf4 26.
Qxa6 (26. gxf4 Bxf4) 26... Rh4 27. Qa8+ (27. Qc8+ Qxc8 $1) 27... Kf7 28. Qe8+
Kxe8 29. Ng2+ fxe2 30. Nxh4 {avoids the mate, but isn't really worth playing
on.}) (25... Rf6 $2 26. Qe4) 0-1

[Event "Politiken Cup 18th"]
[Site "Copenhagen"]
[Date "1996.??.??"]
[Round "11"]
[White "Liss, Eran"]
[Black "Emms, John M"]
[Result "1-0"]
[WhiteElo "2480"]
[BlackElo "2500"]
[Annotator "Hecht,H"]
[PlyCount "127"]
[EventDate "1996.06.??"]
[EventType "swiss"]
[EventRounds "11"]
[EventCountry "DEN"]
[SourceTitle "CBM 054"]
[Source "ChessBase"]
[SourceDate "1996.10.01"]
[SourceVersion "1"]
[SourceVersionDate "1996.10.01"]
[SourceQuality "1"]

1. e4 e5 2. Nf3 Nc6 3. Bb5 a6 4. Ba4 Nf6 5. O-O b5 6. Bb3 Bc5 7. Re1 Ng4 8. Rf1
Bb6 9. d4 exd4 10. Bg5 f6 11. Bf4 Nge5 12. Bd5 Rb8 13. Nxe5 fxe5 14. Bxc6 exf4
15. Qh5+ Kf8 16. Bd5 Qe7 17. e5 Bb7 18. Qf5+ Ke8 19. Bxb7 Rxb7 20. Qxf4 Kd8 21.
Nd2 Kc8 22. a4 Rf8 23. Qe4 Qb4 24. Nf3 bxa4 25. e6 Qd6 26. exd7+ Qxd7 27. Ne5
Qf5 28. Qxf5+ Rxf5 29. Nd3 c5 30. Rxa4 Re7 31. Rxa6 Kb7 32. Ra4 Re2 33. Rc4 g5
34. g4 Rf6 35. Nxc5+ Bxc5 36. Rxc5 Rb6 37. b4 Rc6 38. Rxc6 Kxc6 {[#] Nach
Abräumen vieler Bauern ab Zug 52 T+g-Bauer - T bei vertikaler Sperre für sK,
elementarer Brückenbau} 39. Rd1 Re4 40. f3 Rf4 41. Kf2 Kb5 42. Ke2 Kxb4 43.
Rb1+ Kc3 44. Rb7 Kxc2 45. Rc7+ Kb3 46. Rxh7 Rf8 47. Rc7 Kb4 48. h3 Kb5 49. Kd3
Rxf3+ 50. Kxd4 Rxh3 51. Rc5+ Kb6 52. Rxg5 {[#] Gewinn in 21 Zügen (ENDSPIEL-CD)
; der sK gelangt nicht vor den w g-B} Kc7 53. Ke5 Kd7 54. Kf6 Re3 55. Rf5 (55.
Rd5+ Ke8 56. Re5+ $2 Rxe5 57. Kxe5 Ke7 $10 {Opposition}) 55... Re7 (55... Ke8
56. Kg7) 56. g5 Re8 57. Kg6 (57. g6 $1 Rf8+ 58. Kg5 Rxf5+ 59. Kxf5 Ke7 60. Kg5
$18) 57... Re1 58. Kg7 Re2 59. g6 Re1 60. Kh7 Rh1+ 61. Kg8 Re1 (61... Ke7 62.
g7 Ke8 63. Re5+ Kd7 64. Kf7 Rf1+ 65. Kg6 Rg1+ 66. Rg5 $18) 62. Rh5 Re2 63. g7
Rh2 (63... Ke7 64. Kh7) 64. Rxh2 1-0

[Event "EU-ch 4th"]
[Site "Istanbul"]
[Date "2003.06.01"]
[Round "3"]
[White "Kotronias, Vasilios"]
[Black "Beliavsky, Alexander G"]
[Result "1-0"]
[WhiteElo "2597"]
[BlackElo "2649"]
[Annotator "Kortschnoj,V"]
[PlyCount "61"]
[EventDate "2003.05.30"]
[EventType "swiss"]
[EventRounds "13"]
[EventCountry "TUR"]
[SourceTitle "CBM 096"]
[Source "ChessBase"]
[SourceDate "2003.09.25"]
[SourceVersion "1"]
[SourceVersionDate "2003.09.25"]
[SourceQuality "1"]

1. e4 e5 2. Nf3 Nc6 3. Bb5 a6 4. Ba4 Nf6 5. O-O Be7 6. Re1 b5 7. Bb3 O-O 8. c3
d5 9. exd5 Nxd5 10. Nxe5 Nxe5 11. Rxe5 c6 12. d3 Bd6 13. Re1 Qh4 14. g3 Qh3 15.
Re4 Qf5 16. Nd2 Qg6 17. Re1 f5 18. f4 {This variation has been played by
Hungarian grandmasters already for several years, though without big practical
success. This game, however, produces an impression, that the black position
is not easy to hold.} Bxf4 19. Qf3 Bb8 20. Bxd5+ cxd5 21. Nb3 Bb7 {In the
important game between Leko and Adams, Linares 1999, black played 21...Qf7 and
got scared to make a natural move 22.Bf4, presumably because of a reply d5-d4.
After 22.Nd4 Ba7 they soon agreed to a draw. Well, since rules in chess differ
from checkers, where taking a piece is obligatory, white, I think, after 22.
Bf4! d4 has a good move 23.Nc5 with an edge.} (21... Qf7 22. Bf4 $1 d4 23. Nc5)
22. Bf4 Bxf4 $2 {This move certainly should not be recommended.} (22... Ba7+
23. d4 Rae8 {(what had been played already) was called for, where white's
advantage, turns out to be only marginal.}) 23. Qxf4 d4 {The point of the
previous move. Bishop b7 must have the long diagonal. Still, the way black
treats this position looks very superficial - black does not get any
compensation for the pawn.} 24. Nxd4 Rae8 25. Rxe8 Qxe8 ({Not} 25... Rxe8 26.
Rf1 {and black loses the second pawn.}) 26. Kf2 $1 Qf7 ({Or} 26... Qh5 27. h4
h6 28. Re1 g5 29. Qc7 gxh4 30. Qxb7 hxg3+ 31. Kf1 {and white is winning.}) 27.
Re1 $1 h6 (27... Qxa2 28. Ne6 Qxb2+ (28... Re8 $2 29. Qe5 $18) 29. Re2 Qxc3 30.
Nxf8 Qc5+ 31. Qe3 ({But even more energetic is} 31. Kf1 Qxf8 32. Qc7 Bd5 33.
Re7 {and then Rd7-d8.}) 31... Qxe3+ 32. Rxe3 Kxf8 33. Re6 {leads to a won
endgame.}) 28. Re2 Qd5 29. Ke1 Qxa2 30. Ne6 Rf7 31. Nd8 $1 1-0

[Event "Groningen"]
[Site "Groningen"]
[Date "1995.??.??"]
[Round "6"]
[White "Leko, Peter"]
[Black "Sokolov, Ivan"]
[Result "1/2-1/2"]
[WhiteElo "2605"]
[BlackElo "2630"]
[Annotator "Leko,P"]
[PlyCount "87"]
[EventDate "1995.12.??"]
[EventType "tourn"]
[EventRounds "11"]
[EventCountry "NED"]
[EventCategory "17"]
[SourceTitle "CBM 051"]
[Source "ChessBase"]
[SourceDate "1996.04.01"]
[SourceVersion "1"]
[SourceVersionDate "1996.04.01"]
[SourceQuality "1"]

1. e4 e5 2. Nf3 Nc6 3. Bb5 a6 4. Ba4 Nf6 5. O-O Be7 6. Re1 b5 7. Bb3 O-O 8. c3
d5 9. exd5 Nxd5 10. Nxe5 Nxe5 11. Rxe5 c6 12. d3 Bd6 13. Re1 Qh4 14. g3 Qh3 15.
Re4 Qd7 16. Nd2 Bb7 (16... f5 $6 17. Re1 Kh8 18. f4 $1 g5 19. Nf3 gxf4 20. Bxd5
cxd5 21. Bxf4 $16) 17. Re1 c5 18. Ne4 Be7 19. f3 $6 {N} (19. Bg5 f6 20. c4 Nb4
$1 {N Leko,P} 21. cxb5+ Kh8 22. Be3 Nxd3 $17) (19. Qh5 $5) 19... Kh8 20. Bd2 f5
21. Nf2 f4 $1 (21... Rad8 $5) 22. Ne4 (22. Bxd5 fxg3 $1) 22... fxg3 23. hxg3
Qh3 24. Qe2 c4 $1 25. Bc2 (25. dxc4 Nxc3 $1 26. Qg2 $1 (26. bxc3 Bxe4 27. fxe4
Bc5+ 28. Be3 Qxg3+ $19) 26... Qxg2+ 27. Kxg2 Nxe4 28. fxe4 Rad8 $17) 25... cxd3
26. Bxd3 Rad8 $1 (26... Nf6 27. Qg2 Qxg2+ 28. Kxg2 Rad8 29. Nf2 Ng4 30. Rxe7
Bxf3+ 31. Kg1 Nxf2 32. Kxf2 Rxd3 33. Bf4 $10) 27. Qf1 Qh5 (27... Qxf1+ $6 28.
Bxf1 Rxf3 29. Bg2 Rd3 30. Re2 $10) 28. g4 $8 (28. Kg2 Bc8 $1 $19) 28... Qh4 $1
(28... Qe5 $6 29. Qh3 Nf4 30. Bxf4 Qxf4 31. Nf2 Rxd3 32. Nxd3 Qc7 33. Rxe7 $1
Qxe7 34. Re1 $14) (28... Qf7 29. Ng5 $1) 29. Rad1 (29. Re2 $5 Nxc3 $1 30. Rh2 (
30. Bxc3 $5 Rxd3 31. Rh2 Qxh2+ (31... Bxe4 $5 32. Rxh4 Bxh4 33. fxe4 $8 Rxf1+
34. Rxf1 Kg8 $15) 32. Kxh2 Bxe4 33. fxe4 Rxf1 34. Rxf1 $15) 30... Qxh2+ (30...
Nxe4 31. Rxh4 Bxh4 32. Bxe4 $8 Bxe4 33. fxe4 Rxf1+ 34. Rxf1 Bf6 35. Bc3 Bxc3
36. bxc3 Kg8 $17) 31. Kxh2 Nxe4 32. Be3 Rxd3 33. Qxd3 Rxf3 $17) 29... Nf4 $1 (
29... h5 $2 30. Re2 $1 Ne3 31. Rxe3 $1 Rxd3 32. Qxd3 Bc5 33. Be1 (33. Nxc5 $2
Qg3+ 34. Kf1 Bxf3 $19) 33... Qh3 34. Ng5 $18) (29... Nf6 $4 30. Bg5 $18) 30.
Bxf4 Rxf4 31. Qf2 Rdf8 $2 (31... Qh6 $1 32. Kg2 $8 (32. Qa7 Rxf3 33. Qxb7 Qh3
$1 34. Bf1 Rg3+ $1 35. Nxg3 Bc5+ 36. Rd4 Bxd4+ 37. cxd4 Qxg3+ $19) 32... Bh4
33. Qe2 Bxe1 34. Rxe1 $17) 32. Qxh4 Bxh4 33. Rf1 Rxf3 34. Rxf3 Rxf3 35. Rf1 $1
$10 Rxf1+ 36. Kxf1 Be7 37. Ke2 g6 38. Ke3 Kg7 39. a3 Bc8 40. Kf4 Bd8 41. c4
Bc7+ 42. Kf3 bxc4 43. Bxc4 Bb7 44. b4 1/2-1/2

[Event "Dortmund SuperGM 37th"]
[Site "Dortmund"]
[Date "2009.07.02"]
[Round "1"]
[White "Naiditsch, Arkadij"]
[Black "Bacrot, Etienne"]
[Result "1/2-1/2"]
[WhiteElo "2697"]
[BlackElo "2721"]
[Annotator "Lilov,V"]
[PlyCount "79"]
[EventDate "2009.07.02"]
[EventType "tourn"]
[EventRounds "10"]
[EventCountry "GER"]
[EventCategory "20"]
[SourceTitle "CBM 131"]
[Source "ChessBase"]
[SourceDate "2009.07.15"]
[SourceVersion "1"]
[SourceVersionDate "2009.07.15"]
[SourceQuality "1"]

1. e4 e5 2. Nf3 Nc6 3. Bb5 a6 4. Ba4 Nf6 5. O-O Be7 6. Re1 b5 7. Bb3 O-O 8. c3
d5 {Black chooses to play the Marsall attack which is very active and
interesting attacking system for Black.} 9. exd5 Nxd5 10. Nxe5 Nxe5 11. Rxe5 c6
12. d3 $5 Bd6 13. Re1 Bf5 14. Qf3 Qh4 15. g3 Qh3 16. Bxd5 cxd5 17. Qxd5 Rad8 {
The exchange gave Black some advantage in development and more pieces
attacking. However, fortunately for White, Black needs to play only the most
precise moves. Otherwise he can lose his compensation.} 18. Qg2 Qxg2+ $2 {
The queen had to retreat -} (18... Qh5 {after which black was keeping the
opportunities to attack against white's king. It is obvious now that in the
endgame, the pair of bishops won't be sufficient compensation for the extra
pawn of White.}) 19. Kxg2 Bxd3 20. Be3 Be4+ 21. f3 $16 Bc6 22. Nd2 Rfe8 23. Nb3
f6 24. Nd4 Bb7 {#} 25. g4 $6 {It was much better to continue with 25.Nf5! Bf8
26.Bd4 keeping good activity and neutralizing Black's bishops.} Bc5 26. b4 $2 {
That move misses the advantage. Now, the backward's pawn at c3 cannot be
repaired. White can never get a passed pawn.} Bxd4 27. Bxd4 Rxe1 28. Rxe1 Kf7
29. Bc5 Rd7 $11 30. h4 Bd5 31. a3 Be6 32. Bd4 Bc4 33. Kg3 Re7 34. Rd1 Bb3 35.
Rd2 Re1 36. h5 Rd1 37. Re2 Rd3 38. Kf4 Bd5 39. Re3 Rxe3 40. Kxe3 1/2-1/2